000 00515nam a2200205Ia 4500
008 161112s9999 xx 000 0 und d
020 _a978-1-84430-133-1
050 _aCUL TX 773
050 _b.D47 2004
100 _aDeseine, Trish.
245 0 _aTrifles /
245 0 _cTrish Deseine; photographs by Deirdre Rooney.
260 _aLondon :
260 _bHachette Illustrated,
260 _c2004
300 _a62 pages :
300 _bcolor illustrations ;
300 _c20 cm.
650 _aDesserts.
999 _c305222
_d305222